Environmental and Architectural Psychology (Record no. 29681)

MARC details
000 -LEADER
fixed length control field 00484nam a2200181Ia 4500
020 ## - INTERNATIONAL STANDARD BOOK NUMBER
ISBN 9780367223670
050 ## - CALL MARK
Classification number NA 2543 .D66/
100 ## - STATEMENT OF RESPONSIBILITY--MAIN AUTHOR NAME
Personal name Donald, Ian
245 #0 - TITLE STATEMENT
Title Environmental and Architectural Psychology
260 ## - PUBLICATION, DISTRIBUTION, ETC. (IMPRINT)
Place of publication Oxon
260 ## - PUBLICATION, DISTRIBUTION, ETC. (IMPRINT)
Name of publisher Routledge
260 ## - PUBLICATION, DISTRIBUTION, ETC. (IMPRINT)
Year of publication 2022
300 ## - PHYSICAL DESCRIPTION
Number of Pages 248 p
650 ## - SUBJECT ADDED ENTRY--TOPICAL TERM
Topical Term Architecture--Environmental aspects. Architecture--Psychological aspects.
942 ## - ADDED ENTRY ELEMENTS (KOHA)
Koha item type Books
Holdings
Withdrawn status Lost status Source of classification or shelving scheme Damaged status Not for loan Permanent Location Current Location Date acquired Accession Number Price effective from Koha item type
    Library of Congress Classification     NILE UNIVERSITY OF NIGERIA - MAIN LIBRARY NILE UNIVERSITY OF NIGERIA - MAIN LIBRARY 04/23/2025 0196263 04/23/2025 Books